|
|
|
|
| LEADER |
01553nam a22003734a 4500 |
| 001 |
35286 |
| 003 |
BD-DhAAL |
| 005 |
20211129143012.0 |
| 008 |
190909t2004 caua b 001 0 eng d |
| 999 |
|
|
|c 41179
|d 41179
|
| 010 |
|
|
|a 2004007196
|
| 020 |
|
|
|a 1412905125 (cloth : acidfree paper)
|
| 020 |
|
|
|a 1412905133 (pbk.)
|
| 040 |
|
|
|a DLC
|c DLC
|d DLC
|d BD-DhAAL
|
| 042 |
|
|
|a pcc
|
| 043 |
|
|
|a n-us-ct
|a n-us---
|
| 050 |
0 |
0 |
|a LB1117
|b .D96 2004
|
| 082 |
0 |
0 |
|a 305.231
|2 22
|
| 245 |
0 |
0 |
|a Dynamic instructional leadership to support student learning and development :
|b the field guide to Comer schools in action /
|c Edward T. Joyner, Michael Ben-Avie, James P. Comer, editors.
|
| 260 |
|
|
|a Thousand Oaks, Calif. :
|b Corwin Press,
|c c2004.
|
| 300 |
|
|
|a xxvi, 259 pages :
|b illustrations ;
|c 29 cm.
|
| 440 |
|
0 |
|a Comer schools in action
|9 34319
|
| 504 |
|
|
|a Includes bibliographical references and index.
|
| 526 |
|
|
|a BIED
|
| 541 |
|
|
|a Complimentary copy from BIED
|e 35286
|
| 610 |
2 |
0 |
|a Yale School Development Program.
|9 34320
|
| 650 |
|
0 |
|a Child development
|z United States.
|9 34321
|
| 650 |
|
0 |
|a Community and school
|z United States.
|9 34322
|
| 700 |
1 |
|
|a Joyner, Edward T.
|9 34323
|
| 700 |
1 |
|
|a Ben-Avie, Michael.
|9 34324
|
| 700 |
1 |
|
|a Comer, James P.
|9 34325
|
| 852 |
|
|
|a Ayesha Abed Library
|c BIED Collection
|
| 942 |
|
|
|2 ddc
|c BK
|
| 952 |
|
|
|0 0
|1 0
|2 ddc
|4 0
|6 305_231000000000000_DYN
|7 0
|9 66211
|a BRACUL
|b BRACUL
|c GEN
|d 2019-09-09
|e Complimentary copy from BIED
|l 0
|o 305.231 DYN
|p 3010035286
|r 2019-09-09
|t 1
|w 2019-09-09
|y BK
|x Transferred from BIED to General Stacks
|